सम्पूर्ण कहानियाँ -भाग 1-4: (Record no. 210347)

MARC details
000 -LEADER
fixed length control field 01111nam a22002297a 4500
005 - DATE AND TIME OF LATEST TRANSACTION
control field 20250318113115.0
010 ## - LCCN (DPL NO)
LC control number HIN-129521-524
020 ## - INTERNATIONAL STANDARD BOOK NUMBER
International Standard Book Number 9788196127183 (भाग-1)
Terms of availability 395.00
020 ## - INTERNATIONAL STANDARD BOOK NUMBER
International Standard Book Number 9788196127190 (भाग-2)
Terms of availability 395.00
020 ## - INTERNATIONAL STANDARD BOOK NUMBER
International Standard Book Number 9788196202200 (भाग-3)
Terms of availability 395.00
020 ## - INTERNATIONAL STANDARD BOOK NUMBER
International Standard Book Number 9788196202231 (भाग-4)
Terms of availability 395.00
035 ## - SYSTEM CONTROL NUMBER
System control number HN-101867-870
037 ## - SOURCE OF ACQUISITION
Source of stock number/acquisition अनन्य प्रकशन
082 ## - DEWEY DECIMAL CLASSIFICATION NUMBER
Classification number
100 ## - MAIN ENTRY--PERSONAL NAME
Personal name राघव,रांगेय
245 ## - TITLE STATEMENT
Title सम्पूर्ण कहानियाँ -भाग 1-4:
Statement of responsibility, etc रांगेय राघव
Remainder of title अवसाद का छल ;रोने के मोल ; मरघट के देवता; लक्ष्मी का वाहन /
260 ## - PUBLICATION, DISTRIBUTION, ETC. (IMPRINT)
Place of publication, distribution, etc दिल्ली
Name of publisher, distributor, etc अनन्य प्रकाशन
Date of publication, distribution, etc 2023
270 ## - ADDRESS
Address ई-17, पंचशील गार्डन,नवीन शाहदरा ,
City दिल्ली
Postal code 110032
300 ## - PHYSICAL DESCRIPTION
Extent 4भाग(150;144;151;160पृ.
Dimensions 23सेमी(सजिल्द)
490 ## - SERIES STATEMENT
Volume number/sequential designation 4भाग
942 ## - ADDED ENTRY ELEMENTS (KOHA)
Source of classification or shelving scheme Dewey Decimal Classification
Item type Hindi Books
Classification part
Call number suffix राघव
Holdings
Withdrawn status Lost status Materials specified (bound volume or other part) Not for loan Collection code Home library Current library Date acquired Source of acquisition Cost, normal purchase price Full call number Barcode Copy number Cost, replacement price Koha item type
    भाग-1   Fiction New Police Line New Police Line 18/03/2025 DBAD 395.00 क राघव HN-101867 1 395.00 Hindi Books
    भाग-2   Fiction New Police Line New Police Line 18/03/2025 DBAD 395.00 क राघव HN-101868 2 395.00 Hindi Books
    भाग-3   Fiction New Police Line New Police Line 18/03/2025 DBAD 395.00 क राघव HN-101869 3 395.00 Hindi Books
    भाग-4   Fiction New Police Line New Police Line 18/03/2025 DBAD 395.00 क राघव HN-101870 4 395.00 Hindi Books

© Delhi Public Library
Hit Counter
free hit counter